Kinderhaube
| Titel: | Kinderhaube / Joanna Jabłońska-Dyrda |
|---|---|
| Verfasser: | |
| In: |
Faszination Stadt, (2019), Seite 594 alle Artikel anzeigen |
| Veröffentlicht: | 2019 |
| Umfang: | 1 Illustration |
| Format: | Aufsatz |
| Sprache: | Deutsch |
X
alg: 47901786 001A $03025:12-05-21 001B $01999:12-05-21 $t22:45:13.000 001D $03025:12-05-21 001U $0utf8 001X $00 002@ $0Aou 002C $aText $btxt $2rdacontent 002D $aohne Hilfsmittel zu benutzen $bn $2rdamedia 002E $aBand $bnc $2rdacarrier 003@ $0479017867 007A $0479017867 $aHEB 010@ $ager 010E $erda 011@ $a2019 021A $aKinderhaube $hJoanna Jabłońska-Dyrda 028A $BVerfasser $4aut $8Jabłońska-Dyrda, Joanna [Tp3] $9478758928 031A $h594 $j2019 034M $a1 Illustration 039B $aEnthalten in $8--Aau--. Faszination Stadt. - Dresden : Sandstein Verlag, [2019]. - 807 Seiten. - Illustrationen, Karten. - ISBN 978-3-95498-453-4 $x201900000000000406 $9450579158 044K $#Danzig $#Ville Libre de Danzig $#Dantzig $#Ville Libre de Dantzig $#Freistaat Danzig $#Gdańsk $#Freie Stadt Danzig $#Urząd Miejski w Gdańsku $#Gyddanzyc $#Gedanum $#Dantiscum $74011039-4 $8Danzig [Tg1] $9085022225 044K $RKopfbedeckung $#Coiffes $#Hauben $74159201-3 $8Haube [Ts1] $9085691127 045F $a390.09430709031 $eDDC23BSB 045F/01 $a390 045F/03 $f09031 045F/03 $g4307 045F/03 $g438 045R $aGeschichte 1500-1600 lok: 47901786 78 exp: 47901786 78 1 #EPN 201B/01 $012-05-21 $t15:37:32.000 201C/01 $012-05-21 201U/01 $0utf8 203@/01 $01153360403 208@/01 $a12-05-21 $be 209A/01 $a/ $f000 $x00 209A/01 $ab*p $x01 209A/01 $aHaube aus gewebter Seide aus dem 16. Jahrhundert aus Flandern; gefunden in der ul. Toruńska in Danzig $x03 220C/01 $apgar 244Z/01 $#Generalgouvernement Polen $#Polska $#Rzeczpospolita Polska $#Polska Rzeczpospolita Ludowa $#Poland $#Pologne $#République Polonaise $#Generalne Gubernatorstwo w Polsce $#Polish People's Republic $#Polska Rzeczpospolita Polen $#PRL $#RP $#Polen Generalgouvernement $#Polska Generalgouvernement $#Besetzte Polnische Gebiete $#Besetztes Gebiet in Polen $#Okupowane Polskie Obszary $#Obszary Okupowane w Polsce $#Volksrepublik Polen $#Polska Rosyjska $#Republic Polen $#Respublika Pol'ša $#Pol'skaja Narodnaja Respublika $#République de Pologne $#Polen Links der Weichsel $#Polska po Lewej Stronie Wisły $#Lenkija $#Polija $#Gubernija Carstva Pol'skago $#Republik Polen $74046496-9 $8--Tg1--Polen $x01 $9085129801 244Z/01 $#Preußen $#Preußen $#Brandenburg-Preußen $#Königreich Preußen $#Preußische Staaten $#Preußischer Staat $#Der @Preußische Staat $#Königlich Preußische Staaten $#Prusy Królewskie $#Königlich Preußen $#Prussia $74047194-9 $8--Tg1--Preußen $x02 $9085131652 244Z/01 $#Flandern $#Vlaanderen $#Grafschaft Flandern $#Flanders $#Flandre $74071249-7 $8--Tg1--Flandern $x03 $9085200492 247C/01 $82080>Marburg/Lahn, Herder-Institut, Forschungsbibliothek, Bibliographieportal $9336309341
| LEADER | 00000caa a2200000 c 4500 | ||
|---|---|---|---|
| 001 | 479017867 | ||
| 003 | DE-603 | ||
| 005 | 20210512224513.0 | ||
| 007 | tu | ||
| 008 | 210512s2019 xx |||| | u00||u|ger c | ||
| 035 | |a (DE-599)HEB479017867 | ||
| 040 | |a DE-603 |b ger |c DE-603 |d DE-603 |e rda | ||
| 041 | |a ger | ||
| 082 | 0 | 4 | |8 1\u |a 390.09430709031 |q DE-101 |2 23/BSB |
| 085 | |8 1\u |b 390 | ||
| 085 | |8 1\u |z 1 |s 09031 | ||
| 085 | |8 1\u |z 2 |s 4307 | ||
| 085 | |8 1\u |z 2 |s 438 | ||
| 100 | 1 | |a Jabłońska-Dyrda, Joanna |e Verfasser |4 aut |0 (DE-603)478758928 |0 (DE-588)1232864862 |2 gnd | |
| 245 | 0 | 0 | |a Kinderhaube |c Joanna Jabłońska-Dyrda |
| 264 | 0 | |c 2019 | |
| 300 | |b 1 Illustration | ||
| 336 | |a Text |b txt |2 rdacontent | ||
| 337 | |a ohne Hilfsmittel zu benutzen |b n |2 rdamedia | ||
| 338 | |a Band |b nc |2 rdacarrier | ||
| 648 | 7 | |a Geschichte 1500-1600 |2 gnd | |
| 650 | 7 | |a Haube |0 (DE-588)4159201-3 |0 (DE-603)085691127 |2 gnd | |
| 651 | 7 | |a Danzig |0 (DE-588)4011039-4 |0 (DE-603)085022225 |2 gnd | |
| 773 | 0 | 8 | |i Enthalten in |t Faszination Stadt |d Dresden : Sandstein Verlag, [2019] |h 807 Seiten, Illustrationen, Karten |z 9783954984534 |z 3954984539 |g (2019), Seite 594 |w (DE-603)450579158 |
| 924 | 0 | |9 2080 |a (DE-603)1153360403 |b DE-2080 |c HES |d d |g / | |


